100 Największych miast Księstw Pomorskich - Statystyki

Ogólne statystyki
  • Ten quiz został rozwiązany 15 razy
  • Średni wynik to 48 z 100
Odpowiedzi na mapie
Odpowiedzi zakodowano w zielono-czerwonej skali na mapie do tego quizu, zgodnie z poniższymi procentami.
 
Statystyki odpowiedzi
Miejscowość Ludność Województwo lub Land % Poprawnych
Gdańsk 487834 Pomorskie
100%
Gdynia 240554 Pomorskie
100%
Kołobrzeg 43364 Zachodniopomorskie
100%
Koszalin 105143 Zachodniopomorskie
100%
Słupsk 85135 Pomorskie
100%
Świnoujście 38728 Zachodniopomorskie
100%
Szczecin 387700 Zachodniopomorskie
100%
Wejherowo 45734 Pomorskie
100%
Kartuzy 13687 Pomorskie
91%
Nowy Dwór Gdański 9435 Pomorskie
91%
Police 30549 Zachodniopomorskie
91%
Puck 10419 Pomorskie
91%
Reda 28866 Pomorskie
91%
Rumia 53585 Pomorskie
91%
Sopot 31696 Pomorskie
91%
Władysławowo 9154 Pomorskie
91%
Bydgoszcz 328370 Kujawsko-pomorskie
82%
Chojnice 38508 Pomorskie
82%
Gorzów Wielkopolski 115847 Lubuskie
82%
Lębork 33865 Pomorskie
82%
Malbork 36573 Pomorskie
82%
Stargard 66272 Zachodniopomorskie
82%
Starogard Gdański 45184 Pomorskie
82%
Tczew 56676 Pomorskie
82%
Ustka 13574 Pomorskie
82%
Bytów 16218 Pomorskie
73%
Białogard 22300 Zachodniopomorskie
64%
Człuchów 12958 Pomorskie
64%
Darłowo 12466 Zachodniopomorskie
64%
Drawsko Pomorskie 11194 Zachodniopomorskie
64%
Goleniów 21370 Zachodniopomorskie
64%
Gryfice 15293 Zachodniopomorskie
64%
Kościerzyna 23353 Pomorskie
64%
Piła 69748 Wielkopolskie
64%
Pruszcz Gdański 32270 Pomorskie
64%
Sławno 11725 Zachodniopomorskie
64%
Szczecinek 37421 Zachodniopomorskie
64%
Gryfino 19646 Zachodniopomorskie
55%
Kostrzyn nad Odrą 17626 Lubuskie
55%
Miastko 9283 Pomorskie
55%
Schwedt 33730 Brandenburgia
55%
Sianów 6663 Zachodniopomorskie
55%
Świdwin 14470 Zachodniopomorskie
55%
Świecie 24896 Kujawsko-pomorskie
55%
Sztum 8985 Pomorskie
55%
Żukowo 6723 Pomorskie
55%
Barlinek 12878 Zachodniopomorskie
45%
Czaplinek 6624 Zachodniopomorskie
45%
Kamień Pomorski 8213 Zachodniopomorskie
45%
Łobez 9486 Zachodniopomorskie
45%
Myślibórz 10328 Zachodniopomorskie
45%
Nakło nad Notecią 17062 Kujawsko-pomorskie
45%
Nowogard 15564 Zachodniopomorskie
45%
Pelplin 7118 Pomorskie
45%
Stralsund 54094 Meklemburgia Pomorze Przednie
45%
Tuchola 13044 Kujawsko-pomorskie
45%
Złotów 18025 Wielkopolskie
45%
Choszczno 13822 Zachodniopomorskie
36%
Koronowo 10754 Kujawsko-pomorskie
36%
Pyrzyce 11766 Zachodniopomorskie
36%
Wałcz 23422 Zachodniopomorskie
36%
Złocieniec 11984 Zachodniopomorskie
36%
Czersk 9843 Pomorskie
27%
Luzino 8019 Pomorskie
27%
Połczyn-Zdrój 7193 Zachodniopomorskie
27%
Skarszewy 6587 Pomorskie
27%
Trzcianka 16389 Wielkopolskie
27%
Trzebiatów 9274 Zachodniopomorskie
27%
Anklam 11917 Meklemburgia Pomorze Przednie
18%
Barth 7568 Meklemburgia Pomorze Przednie
18%
Bergen auf Rugen 13457 Meklemburgia Pomorze Przednie
18%
Chojna 7311 Zachodniopomorskie
18%
Dębno 12800 Zachodniopomorskie
18%
Gościcino 6581 Pomorskie
18%
Greifswald 56092 Meklemburgia Pomorze Przednie
18%
Jastrowie 8228 Wielkopolskie
18%
Mierzyn 9766 Zachodniopomorskie
18%
Neubrandenburg 60344 Meklemburgia Pomorze Przednie
18%
Pasewalk 9666 Meklemburgia Pomorze Przednie
18%
Prenzlau 18928 Brandenburgia
18%
Sassnitz 8893 Meklemburgia Pomorze Przednie
18%
Strzelce Krajeńskie 9724 Lubuskie
18%
Waren(Muritz) 20260 Meklemburgia Pomorze Przednie
18%
Witnica 6425 Lubuskie
18%
Wolgast 10991 Meklemburgia Pomorze Przednie
18%
Angermunde 13233 Brandenburgia
9%
Banino 9835 Pomorskie
9%
Bolszewo 9774 Pomorskie
9%
Demmin 9583 Meklemburgia Pomorze Przednie
9%
Grimmen 9076 Meklemburgia Pomorze Przednie
9%
Malchin 6767 Meklemburgia Pomorze Przednie
9%
Neustrelitz 20191 Meklemburgia Pomorze Przednie
9%
Pogórze 7793 Pomorskie
9%
Sierakowice 8204 Pomorskie
9%
Straszyn 10821 Pomorskie
9%
Templin 15590 Brandenburgia
9%
Teterow 8186 Meklemburgia Pomorze Przednie
9%
Torgelow 8899 Meklemburgia Pomorze Przednie
9%
Ueckermunde 8768 Meklemburgia Pomorze Przednie
9%
Zehdenick 13040 Brandenburgia
9%
Nie znaleziono quizów pasujących do podanych kryteriów
Rozkład punktacji
Procent ludzi z każdym wynikiem
Percentyl według liczby udzielonych odpowiedzi
Twoja historia wyników
Nie rozwiązałeś tego quizu